|
|
|
|
| LEADER |
01300nam a2200409 a 4500 |
| 001 |
nkc20091867241 |
| 003 |
CZ PrNK |
| 005 |
20091012120527.0 |
| 007 |
ta |
| 008 |
090408s2009 xr g 000 f cze |
| 015 |
|
|
|a cnb001867241
|
| 020 |
|
|
|a 978-80-7384-202-4
|q (váz.) :
|c Kč 279,00
|
| 035 |
|
|
|a (OCoLC)455842702
|
| 040 |
|
|
|a BOA001
|b cze
|
| 041 |
1 |
|
|a cze
|h eng
|
| 072 |
|
7 |
|a 821.111(73)-3
|x Americká próza
|2 Konspekt
|9 25
|
| 080 |
|
|
|a 821.111(73)-31
|2 MRF
|
| 080 |
|
|
|a (0:82-312.5)
|2 MRF
|
| 100 |
1 |
|
|a Coulter, Catherine,
|d 1942-
|7 jn20001005263
|4 aut
|
| 245 |
1 |
0 |
|a Píseň ohně /
|c Catherine Coulter ; [přeložila Petra Klůfová]
|
| 250 |
|
|
|a Vyd. 2.
|
| 260 |
|
|
|a Praha :
|b Baronet,
|c 2009
|
| 300 |
|
|
|a 458 s. ;
|c 20 cm
|
| 490 |
1 |
|
|a Baronetka
|
| 500 |
|
|
|a Přeloženo z angličtiny
|
| 655 |
|
7 |
|a americké romány
|7 fd131796
|2 czenas
|
| 655 |
|
7 |
|a milostné romány
|7 fd132840
|2 czenas
|
| 655 |
|
9 |
|a American fiction
|2 eczenas
|
| 655 |
|
9 |
|a love novels
|2 eczenas
|
| 700 |
1 |
|
|a Klůfová, Petra,
|d 1957-
|7 jo2008416199
|4 trl
|
| 765 |
0 |
|
|t Fire song
|9 Česky
|
| 830 |
|
0 |
|a Baronetka
|0 s
|
| 910 |
2 |
|
|a BOA001
|b 2-1225.266
|
| 990 |
|
|
|a BK
|
| 995 |
|
|
|a 01
|
| 991 |
|
|
|b 200907
|
| 996 |
6 |
|
|b 2610381243
|c 2-1225.266
|l MZK
|r Sklad / do 1 hodiny
|n 1
|p p.v.
|w 000945190
|u 000010
|a 1
|e BOA001
|j MZK50
|s P
|